Solid state chemistry and its applications. (Record no. 162308)
[ view plain ]
| 000 -LEADER | |
|---|---|
| fixed length control field | 00529nam a2200181Ia 4500 |
| 008 - FIXED-LENGTH DATA ELEMENTS--GENERAL INFORMATION | |
| fixed length control field | 210423s2012 xx 000 0 und d |
| 020 ## - INTERNATIONAL STANDARD BOOK NUMBER | |
| International Standard Book Number | 9788126511075 |
| 041 ## - LANGUAGE CODE | |
| Language code of text/sound track or separate title | eng |
| 082 ## - DEWEY DECIMAL CLASSIFICATION NUMBER | |
| Classification number | 541.0421 WESA |
| 100 ## - MAIN ENTRY--PERSONAL NAME | |
| Personal name | WEST (Anthony R). |
| 245 ## - TITLE STATEMENT | |
| Title | Solid state chemistry and its applications. |
| 260 ## - PUBLICATION, DISTRIBUTION, ETC. | |
| Place of publication, distribution, etc. | New Delhi |
| Name of publisher, distributor, etc. | Wiley India Pvt Ltd |
| Date of publication, distribution, etc. | 2012 |
| 300 ## - PHYSICAL DESCRIPTION | |
| Extent | vii,734 |
| Other physical details | PB |
| 365 ## - TRADE PRICE | |
| Price amount | 599 |
| Currency code | INR |
| 650 ## - SUBJECT ADDED ENTRY--TOPICAL TERM | |
| Topical term or geographic name entry element | Chemistry |
| 650 ## - SUBJECT ADDED ENTRY--TOPICAL TERM | |
| Topical term or geographic name entry element | Physical & Theoretical Chemistry |
| 906 ## - LOCAL DATA ELEMENT F, LDF (RLIN) | |
| a | applications. ; chemistry ; its ; Solid ; state |
| Withdrawn status | Lost status | Damaged status | Not for loan | Collection code | Home library | Current library | Date acquired | Source of acquisition | Cost, normal purchase price | Total Checkouts | Full call number | Barcode | Date last seen | Date last checked out | Price effective from | Koha item type |
|---|---|---|---|---|---|---|---|---|---|---|---|---|---|---|---|---|
| Physics | St Aloysius PG Library | St Aloysius PG Library | 06/22/2013 | Athulya Books | 599.00 | 1 | 541.0421 WESA | PG008801 | 08/24/2022 | 07/02/2022 | 04/26/2021 | Book |